| 000 | 00700nam a22001817a 4500 | ||
|---|---|---|---|
| 003 | BUBTL | ||
| 008 | 210928b ||||| |||| 00| 0 eng d | ||
| 020 | _a9789848143773 | ||
| 082 | _a954.92 / Ab33b /2021 | ||
| 100 |
_94225 _aআবেদীন, মো: জয়নাল |
||
| 245 |
_aমুক্তিযুদ্ধের প্রত্যাশা ও প্রাপ্তি / _cমো: জয়নাল আবেদীন |
||
| 260 |
_aঢাকা : _bপালক পাবলিশার্স, _cc2009. |
||
| 300 |
_a112 p. : _c24 cm. |
||
| 650 | 0 |
_93574 _aবঙ্গবন্ধু |
|
| 856 |
_k0 _l0 _yDownload |
||
| 942 |
_2ddc _cBK |
||
| 999 |
_c6541 _d6541 |
||